Applied Physics/ (Record no. 204499)
[ view plain ]
| 000 -LEADER | |
|---|---|
| fixed length control field | 01010nam a22002777a 4500 |
| 005 - DATE AND TIME OF LATEST TRANSACTION | |
| control field | 20240726122400.0 |
| 008 - FIXED-LENGTH DATA ELEMENTS--GENERAL INFORMATION | |
| fixed length control field | 081020t xxu||||| |||| 00| 0 eng d |
| 010 ## - LCCN (DPL NO) | |
| LC control number | ENG-141006 |
| 020 ## - INTERNATIONAL STANDARD BOOK NUMBER | |
| Terms of availability | 280.00 |
| International Standard Book Number | 9789388096232 |
| 035 ## - SYSTEM CONTROL NUMBER | |
| System control number | EN-124538 |
| 037 ## - SOURCE OF ACQUISITION | |
| Source of stock number/acquisition | DBAD |
| 040 ## - CATALOGING SOURCE | |
| Original cataloging agency | dpl |
| Language of cataloging | English |
| 082 ## - DEWEY DECIMAL CLASSIFICATION NUMBER | |
| Classification number | 530.02 |
| Edition number | 1 |
| 100 ## - MAIN ENTRY--PERSONAL NAME | |
| Personal name | Sreekanth, Tirumala |
| 9 (RLIN) | 68939 |
| 245 ## - TITLE STATEMENT | |
| Title | Applied Physics/ |
| Statement of responsibility, etc | By Tirumala Sreekanth...[et..al] |
| 250 ## - EDITION STATEMENT | |
| Edition statement | 1 |
| 260 ## - PUBLICATION, DISTRIBUTION, ETC. (IMPRINT) | |
| Place of publication, distribution, etc | Hyderabad |
| Name of publisher, distributor, etc | Seven Hills International Publishers |
| Date of publication, distribution, etc | 2019 |
| 270 ## - ADDRESS | |
| Address | 326/C, Level-7,Near BK Gud Park, SR Nagar |
| City | Hyderabad |
| Postal code | 500038 |
| Telephone number | +91 40 23710657 |
| -- | +91 40 238000657 |
| Fax number | +91 40 23810657 |
| 300 ## - PHYSICAL DESCRIPTION | |
| Extent | xvi,344p. |
| Dimensions | 24cm(pbk) |
| 500 ## - GENERAL NOTE | |
| General note | As Per New JNTU Hyderabad Syllabus R18 (Common To ECE, EEE,CSE & IT Branches For B.tech First Year) |
| 700 ## - ADDED ENTRY--PERSONAL NAME | |
| Personal name | Chari, V. Dhanunjana |
| 9 (RLIN) | 68946 |
| 700 ## - ADDED ENTRY--PERSONAL NAME | |
| Personal name | Ashok, K. |
| 9 (RLIN) | 68947 |
| 700 ## - ADDED ENTRY--PERSONAL NAME | |
| Personal name | Pavani, P. Gayathri |
| 9 (RLIN) | 68948 |
| 700 ## - ADDED ENTRY--PERSONAL NAME | |
| Personal name | Rao, G. Narsinga |
| 9 (RLIN) | 68949 |
| 942 ## - ADDED ENTRY ELEMENTS (KOHA) | |
| Source of classification or shelving scheme | Dewey Decimal Classification |
| Item type | English Books |
| Classification part | 530.02 |
| Call number suffix | SRE |
| Edition | 1 |
| Withdrawn status | Lost status | Source of classification or shelving scheme | Damaged status | Not for loan | Collection code | Home library | Current library | Date acquired | Source of acquisition | Cost, normal purchase price | Total Checkouts | Full call number | Barcode | Date last seen | Copy number | Cost, replacement price | Koha item type |
|---|---|---|---|---|---|---|---|---|---|---|---|---|---|---|---|---|---|
| Dewey Decimal Classification | Non-fiction | Narela | Narela | 26/07/2024 | DBAD | 280.00 | 530.02 SRE | EN-124538 | 26/07/2024 | 1 | 280.00 | English Books |
